Racionalita a emócie v rozhodovaní manažéra v kontexte neurobiologických poznatkov

Salvato in:
Dettagli Bibliografici
Autore principale: Jankelová, Nadežda, 1966-
Natura: Capitolo di libro
Lingua:slovacco
inglese
Soggetti:
Tags: Aggiungi Tag
Nessun Tag, puoi essere il primo ad aggiungerne!!

MARC

LEADER 00000naa$a2200000$$$4500
001 0280974
005 20240502074349.8
041 0 |a slo 
041 0 |a eng 
044 |a SK 
245 1 0 |a Racionalita a emócie v rozhodovaní manažéra v kontexte neurobiologických poznatkov  |c Nadežda Jankelová 
500 |a abstrakt 
610 2 0 |a rozhodovanie manažérske 
610 2 0 |a manažéri 
610 2 0 |a racionalita 
610 2 0 |a emócie 
100 1 |a Jankelová, Nadežda, 1966-